History Quiz

Random History or Decade Quiz

Which 20th Century Decade? II Quiz Stats

 Plays Quiz Updated Aug 5, 2018

Score 0/10 Timer 04:00
0 Plays Today
Question Answer Wrong Answers
Which event took place in the 1990s? Oslo Accords
88.5%
SB Wardrobe Malfunction
4.6%
Marriage of William and Kate
1.5%
Assassination of Osama Bin Laden
2.3%
Which event took place in the 1920s? Stock Market Crash 1929
86.1%
Amundsen Reaches South Pole
7.1%
Attack on Pearl Harbor
2.1%
Rosenberg Trial
4.1%
Which event took place in the 1960s? Woodstock
74.8%
Munich Disaster
5.8%
Nixon visits China
9.2%
Battle of the Sexes
7.9%
Which event took place in the 1970s? 1976 Republican Primary
53.1%
Oliver North Trial
8.4%
Charles and Diana Wedding
8.9%
Stand in the Schoolhouse Door
27%
Which event took place in the 1950s? McCarthy Hearings
50.5%
Battle of the Bulge
10.7%
Beatles Arrive in America
7.2%
Yuri Gagarin goes to space
29.6%
Which event took place in the 1940s? Israeli Declaration of Independence
47.9%
Construction of the Hoover Dam
23.6%
Jesse Owens at Berlin Olympics
24.9%
Funeral of JFK
2.3%
Which event took place in the 1910s? Spanish Flu Epidemic
45.9%
Construction of Mt. Rushmore
18.8%
March on Rome
19.3%
Prohibition in America
15.6%
Which event took place in the 1930s? Coronation of George VI
41%
Breaking of Color Barrier
9.1%
Hitler Reaches Paris
34.6%
Model T Production
14.4%
Which event took place in the 1900s? 1906 San Fransisco Earthquake
40.4%
Battle of Vimy Ridge
4.1%
Assassination of President Garfield
38.1%
Sinking of the Lusitania
17.2%
Which event took place in the 1980s? Chernobyl Distaster
38.7%
OJ Simpson Chase
11.4%
2004 Tsunami
24.5%
Gulf War
22.4%

You're not logged in!

Compare scores with friends on all Sporcle quizzes.
OR
Log In

Sporcle TV

Today on Sporcle TV


Watch our educational content, quiz creation guides, and fun videos on Sporcle TV.

Show Comments

Extras

Top Quizzes Today


Score Distribution

Your Account Isn't Verified!

In order to create a playlist on Sporcle, you need to verify the email address you used during registration. Go to your Sporcle Settings to finish the process.

Report this User

Report this user for behavior that violates our Community Guidelines.

Details: